| 000 | 00549nam a2200169 4500 | ||
|---|---|---|---|
| 001 | 19053 | ||
| 005 | 20230411085951.0 | ||
| 008 | 060907n1998 dr spa | ||
| 035 | _9funglode19203 | ||
| 041 | _aES | ||
| 100 | _aHernández Contreras, Carlos | ||
| 245 | 1 |
_aLas relaciones de trabajo y la globalización económica desde la perspectiva dominicana / _cCarlos Hernández Contreras |
|
| 260 |
_aSanto Domingo : _bInstituto del Estudios del Trabajo, _c1998 |
||
| 300 | _a56 p. | ||
| 440 | _aFolletos Laborales | ||
| 942 |
_2lcc _cbk |
||
| 999 |
_c110154 _d110154 |
||